000 00407pab a2200169 454500
008 180718b2013 xxu||||| |||| 00| 0 eng d
100 _aPalguta, John M.
245 _aCollaborative government managers succeed where a others fail
260 _c2013
300 _ap.19-21.
362 _aSpring
650 _aManagers
650 _aCollaborations
773 _aManager
908 _aN
909 _a99517
999 _c99516
_d99516